Postavenie malých a stredných podnikov v obchode Európskej únie bakalárska práca

Salvato in:
Dettagli Bibliografici
Autore principale: Jaďuď, Matej
Ente Autore: Obchodná fakulta EU. Katedra marketingu
Altri autori: Ožvoldová, Katarína, 1984-
Natura: Libro
Lingua:slovacco
Pubblicazione: Bratislava 2009
Tags: Aggiungi Tag
Nessun Tag, puoi essere il primo ad aggiungerne!!

MARC

LEADER 00000nam$a2200000$$$4500
001 0099819
005 20240318135506.5
041 0 |a slo 
044 |a SK 
245 1 0 |a Postavenie malých a stredných podnikov v obchode Európskej únie  |b bakalárska práca  |c Matej Jaďuď ; škol. Katarína Ožvoldová 
264 1 |a Bratislava  |c 2009 
300 |a 63 s. 
100 1 |a Jaďuď, Matej 
700 1 |a Ožvoldová, Katarína, 1984- 
710 2 |a Obchodná fakulta EU. Katedra marketingu